Fundamentals of analog circuits / (Record no. 598622)

000 -LEADER
fixed length control field 00339nam a2200121Ia 4500
008 - FIXED-LENGTH DATA ELEMENTS--GENERAL INFORMATION
fixed length control field 230907s9999||||xx |||||||||||||| ||und||
082 ## - DEWEY DECIMAL CLASSIFICATION NUMBER
Classification number 621.3815
Author Mark FLO
100 ## - MAIN ENTRY--PERSONAL NAME
Personal name Floyd, Thomas L.
9 (RLIN) 10192
245 #0 - TITLE STATEMENT
Title Fundamentals of analog circuits /
260 ## - PUBLICATION, DISTRIBUTION, ETC.
Place of publication, distribution, etc. Prentice Hall,
Name of publisher, distributor, etc. Upper Saddle River, N.J. :
Date of publication, distribution, etc. 2012
300 ## - PHYSICAL DESCRIPTION
Extent 915 p. :
942 ## - ADDED ENTRY ELEMENTS (KOHA)
Koha item type Book
Holdings
Withdrawn status Lost status Damaged status Not for loan Permanent Location Current Location Date acquired Total Checkouts Full call number Barcode Date last seen Price effective from Koha item type
        US-Pakistan Center for Advanced Studies in Energy (USPCAS-E) US-Pakistan Center for Advanced Studies in Energy (USPCAS-E) 07/23/2019   621.3815 FLO CAS-E0002721 09/12/2023 09/12/2023 Book
© 2023 Central Library, National University of Sciences and Technology. All Rights Reserved.